[Event "4"]
[Site "http://www.queenalice.com/game.php?id=1311708"]
[Date "2014.9.30"]
[Round "-"]
[White "Elficolorean"]
[Black "coffejunkie"]
[Result "1/2-1/2"]
[WhiteElo "1886"]
[BlackElo "1800"]

1. d4 d5 2. c4 Nf6 3. cxd5 Nxd5 4. e4 Nf6 5. Nc3 e6 6. Bg5 Be7 7. Nf3 O-O 8. Bd3
Nc6 9. Bc2 h6 10. Bh4 Nxe4 11. Bxe7 Nxc3 12. Bxd8 Nxd1 13. Bxc7 Nxb2 14. Rb1 Nc4
15. Bd3 N4a5 16. Rb5 b6 17. O-O Ba6 18. Rc1 Bxb5 19. Bxb5 Nb4 20. Bd6 Nxa2 21.
Rc2 Rfd8 22. Be7 Rd5 23. Bd3 Nb3 24. Rxa2 Nxd4 25. Be4 Nxf3+ 26. gxf3 Rd1+ 27.
Kg2 Rc8 28. Rxa7 f5 29. Ba8 Rcc1 30. Bh4 g5 31. Bg3 g4 32. fxg4 fxg4 33. h3 Rg1+
34. Kh2 b5 35. hxg4 b4 36. Be5 Rxg4 37. Bf3 Rg6 38. Ra8+ Kf7 39. Bh5 Rc5 40.
Bxg6+ Kxg6 41. Bd6 Rb5 42. Rb8 Rxb8 43. Bxb8 Kf5 44. Bd6 b3 45. Ba3 Ke4 46. Kg3
Kd3 47. Kg4 h5+ 48. Kxh5 e5 49. Kg4 e4 50. Kf4 Kd4 1/2-1/2

[Event "1"]
[Site "http://www.queenalice.com/game.php?id=1311809"]
[Date "2014.10.1"]
[Round "-"]
[White "coffejunkie"]
[Black "Bira"]
[Result "1-0"]
[WhiteElo "1790"]
[BlackElo "1194"]

1. d4 Nf6 2. Nc3 d5 3. Nf3 e6 4. e3 Bb4 5. Bd2 O-O 6. Bd3 a5 7. O-O Ng4 8. e4
dxe4 9. Nxe4 Bd6 10. Nxd6 Qxd6 11. h3 Nh6 12. Bxh6 e5 13. Bxg7 Kxg7 14. Nxe5
Bxh3 15. gxh3 Qxd4 16. Re1 Re8 17. Qg4+ Qxg4+ 18. Nxg4 Nc6 19. Kg2 Nb4 20. Re4
Nxd3 21. cxd3 f5 22. Rxe8 Rxe8 23. Ne3 Rf8 24. Rc1 f4 25. Rxc7+ Kh8 26. Ng4 Rg8
27. Kf3 Rf8 28. Rxb7 h5 29. Ne5 Rf5 30. Ng6+ Kg8 31. Ne7+ Kg7 32. Nxf5+ Kf6 33.
Kxf4 1-0

[Event "2"]
[Site "http://www.queenalice.com/game.php?id=1311810"]
[Date "2014.10.1"]
[Round "-"]
[White "Bira"]
[Black "coffejunkie"]
[Result "0-1"]
[WhiteElo "1192"]
[BlackElo "1792"]

1. h4 e5 2. h5 h6 3. g4 d5 4. Bh3 Nc6 5. Na3 Be6 6. d3 Qd7 7. Nf3 Bxg4 8. Ng1
Bxh3 9. Rxh3 O-O-O 10. Be3 d4 11. Bd2 f6 12. e4 Bb4 13. Nb5 Bxd2+ 14. Qxd2 Nge7
15. O-O-O Kb8 16. f3 f5 17. Ne2 fxe4 18. Rdh1 e3 19. Qe1 Ka8 20. Qg3 Rhg8 21.
Na3 Nf5 22. Qg4 Nb4 23. Kb1 Qd5 24. b3 Nd6 25. Nc3 dxc3 26. Qxb4 Qd4 27. Rh4
Qxb4 28. Rxb4 Rdf8 29. Nc4 Nxc4 30. Rxc4 Rxf3 31. Rxc7 e2 32. Re1 Rf1 33. Rc1
Rxc1+ 0-1

[Event "5"]
[Site "http://www.queenalice.com/game.php?id=1311920"]
[Date "2014.10.1"]
[Round "-"]
[White "coffejunkie"]
[Black "Elficolorean"]
[Result "0-1"]
[WhiteElo "1814"]
[BlackElo "1852"]

1. e4 c5 2. Nf3 a6 3. d4 cxd4 4. Nxd4 Nf6 5. Nc3 e5 6. Nf3 Nc6 7. Bd3 Bb4 8. Bd2
d5 9. exd5 Nxd5 10. O-O O-O 11. Qe1 Nxc3 12. Bxc3 Bxc3 13. bxc3 Qa5 14. Qe3 Kh8
15. Qe4 f5 16. Qh4 Rf6 17. Ng5 h6 18. Bc4 e4 19. Nf7+ Kg8 20. Nxh6+ Kf8 21. Ng8
Rg6 22. Qh5 Ne5 23. Kh1 Qxc3 24. Bb3 Bd7 25. Rad1 Be6 26. Qh4 Kxg8 27. Rd8+ Rxd8
28. Qxd8+ Kh7 29. Bxe6 Rxe6 30. Qd5 Rh6 31. h3 Rxh3+ 0-1

[Event "1"]
[Site "http://www.queenalice.com/game.php?id=1312015"]
[Date "2014.10.2"]
[Round "-"]
[White "coffejunkie"]
[Black "Eggchaser"]
[Result "1-0"]
[WhiteElo "1840"]
[BlackElo "1874"]

1. d4 d5 2. Nc3 Nf6 3. Nf3 Bg4 4. e3 e6 5. Be2 Bd6 6. O-O Nbd7 7. Ne1 Bxe2 8.
Qxe2 c6 9. Nd3 O-O 10. e4 dxe4 11. Nxe4 Nxe4 12. Qxe4 Nf6 13. Qf3 Be7 14. c3 Re8
15. Bg5 Nd5 16. Bxe7 Qxe7 17. c4 Nb4 18. Nxb4 Qxb4 19. Qb3 Qxb3 20. axb3 a5 21.
Ra4 b5 22. Ra2 Red8 23. Rd1 e5 24. d5 cxd5 25. cxd5 f5 26. Raa1 Rd6 27. g3 e4
28. Rac1 b4 29. Rc6 Rad8 30. Rc5 Kf7 31. Rxa5 1-0

[Event "2"]
[Site "http://www.queenalice.com/game.php?id=1312016"]
[Date "2014.10.2"]
[Round "-"]
[White "Eggchaser"]
[Black "coffejunkie"]
[Result "1/2-1/2"]
[WhiteElo "1907"]
[BlackElo "1800"]

1. d4 d5 2. Nf3 Nf6 3. c4 e6 4. g3 Be7 5. Bg2 O-O 6. O-O c6 7. b3 Nbd7 8. Nbd2
Ne4 9. Nxe4 dxe4 10. Nd2 f5 11. f3 Nf6 12. fxe4 Ng4 13. Nf3 c5 14. exf5 exf5 15.
e3 Rb8 16. d5 Bd6 17. h3 Ne5 18. Bb2 Qf6 19. Nxe5 Bxe5 20. Bxe5 Qxe5 21. Qd2
Qxg3 22. Qf2 Qg6 23. Kh2 Bd7 24. Qg3 Qxg3+ 1/2-1/2

[Event "1"]
[Site "http://www.queenalice.com/game.php?id=1312018"]
[Date "2014.10.2"]
[Round "-"]
[White "coffejunkie"]
[Black "silverado"]
[Result "1-0"]
[WhiteElo "1887"]
[BlackElo "1916"]

1. d4 c5 2. dxc5 Qa5+ 3. Bd2 Qxc5 4. Nc3 d5 5. Nf3 f6 6. e3 e5 7. Be2 Be6 8. O-O
e4 9. Nd4 Bf7 10. Qe1 Nc6 11. Ndb5 Nb4 12. Rc1 a6 13. Nd4 O-O-O 14. Nb3 Qc7 15.
f3 exf3 16. Bxf3 Qe5 17. e4 Bd6 18. Bg4+ Be6 19. Bf4 Bc5+ 20. Kh1 Bxg4 21. Bxe5
Ba7 22. Bd4 Bxd4 23. Nxd4 dxe4 24. Qxe4 Nh6 25. Ne6 Rde8 26. Qxb4 Rxe6 27. Nd5
Rd8 28. Qc5+ Kd7 29. Qc7+ Ke8 30. c4 Ng8 31. Qxb7 Kf8 32. c5 Re5 33. c6 Rdxd5
34. c7 Ne7 35. c8=B Nxc8 36. Rxc8+ Bxc8 37. Qxc8+ Kf7 38. Qxa6 Kg6 39. a4 Rf5
40. h3 Ra5 41. Qd3 Rd5 42. Qxf5+ Rxf5 43. Rxf5 Kxf5 44. a5 1-0

[Event "2"]
[Site "http://www.queenalice.com/game.php?id=1312019"]
[Date "2014.10.2"]
[Round "-"]
[White "silverado"]
[Black "coffejunkie"]
[Result "0-1"]
[WhiteElo "1923"]
[BlackElo "1804"]

1. e4 e5 2. Nf3 Nc6 3. c3 Nf6 4. d3 Be7 5. Qb3 O-O 6. h3 d6 7. Bg5 Rb8 8. Nbd2
Be6 9. c4 Ne8 10. h4 h6 11. Bxe7 Qxe7 12. g3 f5 13. exf5 Bxf5 14. Be2 Bg4 15.
O-O-O Na5 16. Qc3 b6 17. Rde1 c6 18. c5 Bxf3 19. Bxf3 dxc5 20. Be4 Nf6 21. Bf5
Nd5 22. Qc2 Rxf5 23. f4 Nb4 24. Qc3 Nxa2+ 0-1

[Event "1"]
[Site "http://www.queenalice.com/game.php?id=1312021"]
[Date "2014.10.2"]
[Round "-"]
[White "coffejunkie"]
[Black "adelio"]
[Result "0-1"]
[WhiteElo "1901"]
[BlackElo "1736"]

1. e4 g6 2. Nf3 a6 3. d4 c5 4. Bc4 e6 5. O-O Nc6 6. Nc3 Be7 7. d5 Nb8 8. d6 Bf6
9. e5 Bh4 10. Be3 g5 11. Bxc5 Nc6 12. Be3 b5 13. Be2 h5 14. Qd2 g4 15. Nxh4 Qxh4
16. Bg5 Qxg5 17. Qxg5 Kf8 18. Ne4 Bb7 19. Bd3 Re8 20. Nf6 Nxf6 21. Qxf6 Rg8 22.
Qh6+ Rg7 23. Qxh5 Nd4 24. Rfe1 Nf5 25. Bxf5 exf5 26. Qxf5 Bd5 27. Qxd7 f6 28.
Qxe8+ Kxe8 29. exf6+ Kf8 30. fxg7+ Kxg7 31. Re7+ Kf8 32. Re5 Bc6 33. Rae1 Bd7
34. Re7 Bf5 35. d7 Bxd7 36. Rxd7 a5 37. Rdd1 b4 38. Rd8+ Kf7 39. Rd5 a4 40. Rd4
b3 41. axb3 axb3 42. c3 Kf6 43. c4 Kf5 44. c5 Kg5 45. c6 Kh4 46. c7 Kh5 47. c8=N
Kh4 48. Rb4 Kg5 49. Nb6 Kh4 50. Nc4 Kg5 51. Na3 Kh4 52. Nb1 Kg5 53. Nd2 Kh4 54.
Ne4 g3 55. Nxg3+ Kg5 56. Rxb3 Kg4 57. Ne4 Kf5 58. Nc5 Kg4 59. Na6 Kf5 60. g4+
Kf4 61. Kf1 Kg5 62. Ke2 Kh4 63. Kd3 Kg5 64. Kc4 Kh4 65. Kb5 Kg5 66. Kb6 Kh4 67.
Ka7 Kg5 68. Ka8 Kh4 69. Kb8 Kg5 70. Kc8 Kh4 71. Kd8 Kg5 72. Ke8 Kh4 73. Kf8 Kg5
74. Kg8 Kh4 75. Kh8 Kg5 76. Kh7 Kh4 77. Kg7 Kg5 78. Kf7 Kh4 79. Ke7 Kg5 80. Kd7
Kh4 81. Kc7 Kg5 82. Kb7 Kh4 83. Ka7 Kg5 84. Ka8 Kh4 85. Nb8 Kg5 86. Rb7 Kh4 87.
Ra1 Kg5 88. Raa7 Kh4 89. g5 Kh5 90. g6 Kxg6 91. f4 Kf5 92. h3 Kxf4 93. h4 Kg4
94. h5 Kxh5 95. Ra1 Kg5 96. Rba7 Kf5 97. R7a2 Ke5 98. Rh1 Kd5 99. Kb7 Kc4 100.
Raa1 Kb3 101. Rag1 Kxb2 102. Kc6 Kc3 103. Kd5 Kb4 104. Ke4 Kc5 105. Kf3 Kd6 106.
Kg2 Kc7 107. Na6+ Kb6 108. Nb4 Kc5 109. Nc2 Kc4 110. Ne1 Kd4 111. Nf3+ Ke4 112.
Nh2 Kf4 113. Kf1 Ke4 114. Ke1 Kf4 115. Kd1 Ke4 116. Kc1 Kf4 117. Kb1 Ke4 118.
Ka1 Kf4 119. Ka2 Ke4 120. Ka3 Kf4 121. Ka4 Ke4 122. Ka5 Kf4 123. Ka6 Ke4 124.
Ka7 Kf4 125. Ka8 Ke4 126. Kb8 Kf4 127. Kc8 Ke4 128. Kd8 Kf4 129. Ke8 Ke4 130.
Kf8 Kf4 131. Kg8 Ke4 132. Kh8 Kf4 133. Ng4 Ke4 134. Nh6 Kf4 135. Ng8 Ke4 136.
Rh7 Kf4 137. Rgg7 Ke4 138. Ra7 Kf4 139. Rhb7 Ke4 140. Ne7 Kf4 141. Nc6 Ke4 142.
Kg8 Kf4 143. Kf8 Ke4 144. Ke8 Kf4 145. Kd8 Ke4 146. Kc8 Kf4 147. Kb8 Ke4 148.
Ka8 Kf4 149. Nb8 Ke4 150. Ra2 Kf4 151. Rbb2 Ke4 152. Na6 Kf4 153. Nb4 Ke4 154.
Ka7 Kf4 155. Ka6 Ke4 156. Kb5 Kf4 157. Kc4 Ke4 158. Kc3 Kf4 159. Kc2 Ke4 160.
Kb1 Kf4 161. Ka1 Ke4 162. Nc2 Kf4 163. Na3 Ke4 164. Nb1 Kf4 165. Re2 Kf5 166.
Rad2 Kf4 167. Rd4+ Kf5 168. Ree4 Kf6 169. Nd2 Kf5 170. Rd5+ Kf6 171. Ree5 Kg6
172. Ne4 Kg7 173. Kb2 Kg6 174. Kc3 Kg7 175. Kd4 Kg6 176. Kc3 Kg7 177. Kb2 Kg6
178. Ka1 Kg7 179. Ng3 Kg6 180. Ne2 Kg7 181. Ng1 Kg6 182. Ne2 Kg7 183. Nc1 Kg6
184. Na2 Kg7 185. Nb4 Kg6 186. Na6 Kg7 187. Nc7 Kg6 188. Na8 Kg7 189. Nc7 Kg6
190. Nb5 Kg7 191. Na3 Kg6 192. Nb1 Kg7 193. Ka2 Kg6 194. Ka3 Kg7 195. Ka4 Kg6
196. Ka5 Kg7 197. Ka6 Kg6 198. Ka7 Kg7 199. Ka8 Kg6 200. Kb8 Kg7 201. Kb7 Kg6
202. Kb6 Kg7 203. Kb5 Kg6 204. Kb4 Kg7 205. Kb3 Kg6 206. Kb2 Kg7 207. Kc1 Kg6
208. Kc2 Kg7 209. Kc3 Kg6 210. Kc4 Kg7 211. Kc5 Kg6 212. Kc6 Kg7 213. Kc7 Kg6
214. Kc8 Kg7 215. Kd8 Kg6 216. Kd7 Kg7 217. Kd6 Kg6 218. Ke6 Kg7 219. Kf5 Kh6
220. Ke4 Kg6 221. Kd4 Kg7 222. Kd3 Kg6 223. Kd2 Kg7 224. Kd1 Kg6 225. Ke1 Kg7
226. Kf1 Kg6 227. Kf2 Kg7 228. Kf3 Kg6 229. Kf4 Kg7 230. Kf5 Kh6 231. Kf6 Kh7
232. Kf7 Kh6 233. Kf8 Kh7 234. Nd2 Kh6 235. Nb3 Kh7 236. Na1 Kh6 237. Nc2 Kh7
238. Nb4 Kh6 239. Nd3 Kh7 240. Nc5 Kh6 241. Ne4 Kh7 242. Nf2 Kh6 243. Nd1 Kh7
244. Nb2 Kh6 245. Nc4 Kh7 246. Na5 Kh6 247. Nb3 Kh7 248. Na1 Kh6 249. Rd1 Kg6
250. Ree1 Kf6 251. Rb1 Kg6 252. Nc2 Kf6 253. Nd4 Kg6 254. Nf3 Kh6 255. Nh2 Kh7
256. Nf3 Kh6 257. Nd2 Kh7 258. Nb3 Kh6 259. Na1 Kh7 260. Nb3 Kh6 261. Nc5 Kh7
262. Na6 Kh6 263. Nb4 Kh7 264. Na2 Kh6 265. Nc1 Kh7 266. Nd3 Kh6 267. Nf2 Kh7
268. Nh1 Kh6 269. Ra1 Kh7 270. Re2 Kh6 271. Ree1 Kh7 272. Rad1 Kh6 273. Rd2 Kh7
274. Rdd1 Kh6 275. Nf2 Kh7 276. Rb1 Kh6 277. Rb8 Kh7 278. Rb7+ Kh6 279. Rb6+ Kh7
280. Rb5 Kh6 281. Rb4 Kh7 282. Rb3 Kh6 283. Rb2 Kh7 284. Rbb1 Kh6 285. Re8 Kh7
286. Re7+ Kh6 287. Re6+ Kh7 288. Re5 Kh6 289. Re4 Kh7 290. Re3 Kh6 291. Re2 Kh7
292. Ree1 Kh6 293. Ra1 Kh7 294. Reb1 Kh6 295. Ra8 Kh7 296. Ra7+ Kh6 297. Ra6+
Kh7 298. Ra5 Kh6 299. Ra4 Kh7 0-1

[Event "2"]
[Site "http://www.queenalice.com/game.php?id=1312022"]
[Date "2014.10.2"]
[Round "-"]
[White "adelio"]
[Black "coffejunkie"]
[Result "1-0"]
[WhiteElo "1824"]
[BlackElo "1803"]

1. d4 d5 2. e4 dxe4 3. Nc3 Nf6 4. f3 exf3 5. Nxf3 e6 6. a3 Nc6 7. Be3 Be7 8. Ng5
O-O 9. h4 Nd5 10. Nxh7 Kxh7 11. Qh5+ Kg8 12. Bd3 g6 13. Bxg6 fxg6 14. Qxg6+ Kh8
15. Qh6+ Kg8 16. Qg6+ Kh8 17. Bg5 Nf4 18. Qh6+ Kg8 19. Bxf4 Rf6 20. Qg5+ Kf8 21.
Ne4 Rf5 22. Qh6+ Ke8 23. Qg6+ Kd7 24. Nc5+ Bxc5 25. dxc5 Rxf4 26. Rd1+ Rd4 27.
O-O Qxh4 28. Rf7+ Ne7 29. Rxe7+ Kxe7 30. Qg7+ Ke8 31. Rxd4 Qe1+ 32. Kh2 e5 33.
Qg8+ Ke7 34. Qd8+ Ke6 35. Qe8+ Kf6 36. Qh8+ Ke6 37. Rh4 Bd7 38. Rh6+ Kd5 39.
Qxa8 e4 40. Qg8+ Kxc5 41. Qg5+ Kc4 42. Qf4 Bc6 43. Rh3 Kb5 44. Qxc7 Qe2 45. Rb3+
Ka6 46. Qf7 e3 47. Qg6 Qd2 48. Qd3+ Bb5 49. Qxb5# 1-0

[Event "3"]
[Site "http://www.queenalice.com/game.php?id=1312269"]
[Date "2014.10.3"]
[Round "-"]
[White "Bira"]
[Black "coffejunkie"]
[Result "0-1"]
[WhiteElo "1188"]
[BlackElo "1818"]

1. d4 d5 2. Be3 Bf5 3. Nc3 Nc6 4. Bf4 Nf6 5. Nf3 e6 6. Ne5 Bd6 7. e3 O-O 8. Bb5
Nb4 9. Bd3 Ne4 10. O-O Nxd3 11. cxd3 Nxc3 12. bxc3 c6 13. Re1 f6 14. Nf3 Bg4 15.
Qb1 Bxf4 16. exf4 Bxf3 17. Qxb7 Bh5 18. Qxc6 Bf7 19. Rxe6 Rc8 20. Qa6 Bxe6 21.
Qxe6+ Kh8 22. Qe1 Qa5 23. c4 Qxe1+ 24. Rxe1 dxc4 25. Re7 cxd3 26. Re1 d2 27. Kf1
dxe1=N 28. Kxe1 Rc2 29. g3 Rb8 30. Kd1 Rd8 31. Kxc2 Rxd4 32. Kc3 Rd1 33. a4 Rb1
34. g4 Rb8 35. g5 Rb1 36. Kc4 Rb8 37. a5 Rb2 38. f3 Rxh2 39. Kb5 Rf2 40. Ka6
Rxf3 41. Kxa7 Rxf4 42. gxf6 Rxf6 43. a6 Rxa6+ 44. Kxa6 h5 45. Kb6 h4 46. Kc6 h3
47. Kc5 h2 48. Kd4 h1=N 49. Kc3 Ng3 50. Kb4 Nf5 51. Ka3 Ne7 52. Kb2 Ng8 53. Ka3
Ne7 54. Kb4 Nc6+ 55. Kc3 Na7 56. Kd3 Kh7 57. Kd4 Kh8 58. Kc4 Kh7 59. Kd4 Nc6+
60. Ke4 g6 61. Kd5 Nb4+ 62. Ke5 Kh6 63. Kf4 Kh5 64. Ke5 g5 65. Kf5 g4 0-1

[Event "4"]
[Site "http://www.queenalice.com/game.php?id=1312270"]
[Date "2014.10.3"]
[Round "-"]
[White "coffejunkie"]
[Black "Bira"]
[Result "1-0"]
[WhiteElo "1809"]
[BlackElo "1190"]

1. c4 c5 2. Nc3 a6 3. e4 e5 4. Nf3 Nf6 5. Nxe5 Nc6 6. Nxc6 dxc6 7. d3 b5 8. b3
a5 9. Bg5 h6 10. Bh4 Qd4 11. Qc2 b4 12. Ne2 Qxa1+ 13. Kd2 Qe5 14. Bg3 Qe6 15.
Nf4 Qd7 16. f3 Bd6 17. Be2 g5 18. Nh3 Bxg3 19. hxg3 Qe7 20. Nf2 Nh5 21. Rxh5 f6
22. Ng4 Bxg4 23. fxg4 Rd8 24. Bf3 Qe5 25. Rh3 Qc3+ 26. Qxc3 bxc3+ 27. Kxc3 Ra8
28. e5 Ra6 29. exf6 Kf7 30. Rh1 Kxf6 31. Re1 a4 32. b4 cxb4+ 33. Kxb4 Rb8+ 34.
Kc3 c5 35. Bd5 a3 36. Rf1+ Ke7 37. Rf7+ Kd8 38. Rf8+ Kc7 39. Rf7+ Kb6 40. Rf1
Ka5 41. d4 cxd4+ 42. Kxd4 Rab6 43. c5 Rb2 44. c6 Kb6 45. Rf6 Rxa2 46. Bxa2 Rd8+
47. Ke5 Rd2 48. Bd5 Kc5 49. c7 Rxd5+ 50. Ke6 a2 51. c8=Q+ Kb4 52. Kxd5 a1=Q 53.
Rb6+ Ka5 54. Qa6# 1-0

[Event "1"]
[Site "http://www.queenalice.com/game.php?id=1312273"]
[Date "2014.10.3"]
[Round "-"]
[White "coffejunkie"]
[Black "pomar"]
[Result "0-1"]
[WhiteElo "1820"]
[BlackElo "2118"]

1. d4 e6 2. e4 d5 3. Nc3 c5 4. Nf3 Qb6 5. exd5 cxd4 6. Nxd4 Bc5 7. Be3 Qxb2 8.
Na4 Bb4+ 9. Ke2 Qa3 10. c4 Bd7 11. Nb5 Bxb5 12. cxb5 Ba5 13. Bc5 Bb4 14. Bd4 Bf8
15. dxe6 fxe6 16. f3 Nf6 17. Kf2 Nbd7 18. Bd3 b6 19. Re1 Kf7 20. Re3 Qb4 21. h3
Nc5 22. Nxc5 Bxc5 23. Bxc5 Qxc5 24. Rc1 Qd5 25. Rc7+ Nd7 26. Rxd7+ Qxd7 27. Bg6+
Ke7 28. Qxd7+ Kxd7 29. Rd3+ Ke7 30. Be4 Rad8 31. Rc3 h6 32. Ra3 Rd7 33. Bc6 Rc7
34. Re3 Rd8 35. Kg3 Kf6 36. Re4 g5 37. Kg4 Rd2 38. g3 Rxa2 39. Kh5 Rh2 40. h4
gxh4 41. g4 h3 42. Kxh6 Rg2 43. f4 Rxg4 44. Re3 Rh4# 0-1

[Event "2"]
[Site "http://www.queenalice.com/game.php?id=1312274"]
[Date "2014.10.3"]
[Round "-"]
[White "pomar"]
[Black "coffejunkie"]
[Result "1-0"]
[WhiteElo "2113"]
[BlackElo "1807"]

1. f3 e5 2. Kf2 Nc6 3. e3 d5 4. g3 Nf6 5. c4 d4 6. d3 Bc5 7. e4 Be6 8. Bh3 Qd7
9. Bxe6 Qxe6 10. Kg2 O-O 11. Nh3 Ne8 12. Rf1 f5 13. Ng5 Qf6 14. exf5 Qxf5 15. a3
a5 16. f4 Nf6 17. fxe5 Qxe5 18. Bf4 Qe7 19. Re1 Qd7 20. Ne6 Rf7 21. Nxc5 Qc8 22.
Nd2 b6 23. Qf3 Na7 24. Ne6 c5 25. Ng5 Rd7 26. Nde4 Ne8 27. Qh5 h6 28. Nf3 Nc6
29. Qg6 Kh8 30. Bxh6 gxh6 31. Qxh6+ Rh7 32. Qf8# 1-0

[Event "6"]
[Site "http://www.queenalice.com/game.php?id=1312379"]
[Date "2014.10.4"]
[Round "-"]
[White "Elficolorean"]
[Black "coffejunkie"]
[Result "1/2-1/2"]
[WhiteElo "1886"]
[BlackElo "1803"]

1. d4 d5 2. c4 Nf6 3. cxd5 Nxd5 4. e4 Nf6 5. Nc3 e6 6. Bg5 Be7 7. Nf3 O-O 8. Bd3
c6 9. e5 Nd5 10. Bxe7 Qxe7 11. Nxd5 exd5 12. Qc2 Nd7 13. O-O-O g6 14. h4 Nb6 15.
h5 Bg4 16. hxg6 fxg6 17. Rh2 Bh5 18. Rdh1 Rf7 19. Rh3 Rc8 20. e6 Rg7 21. Qe2 c5
22. dxc5 Rxc5+ 23. Kb1 Rc6 24. Re1 Bg4 25. Rhh1 Rxe6 26. Qd2 Rxe1+ 27. Rxe1 Qf6
28. Re8+ Kf7 29. Qe3 Bxf3 30. gxf3 Nc4 31. Bxc4 dxc4 32. Rb8 Qf5+ 33. Kc1 g5 34.
Rxb7+ Kg6 35. Rxg7+ Kxg7 36. Qe7+ Kg6 37. Qd6+ Kh5 1/2-1/2

[Event "7"]
[Site "http://www.queenalice.com/game.php?id=1312381"]
[Date "2014.10.4"]
[Round "-"]
[White "coffejunkie"]
[Black "Elficolorean"]
[Result "1-0"]
[WhiteElo "1806"]
[BlackElo "1901"]

1. Nf3 c5 2. Nc3 Nc6 3. e4 a6 4. d3 b5 5. Be3 e6 6. Be2 Bb7 7. O-O Qc7 8. Qd2 d6
9. d4 Nf6 10. Bg5 b4 11. Bxf6 bxc3 12. Qxc3 gxf6 13. d5 Ne5 14. dxe6 fxe6 15.
Nh4 Bg7 16. Bh5+ Kd7 17. Rad1 f5 18. f4 Bxe4 19. fxe5 d5 20. Bf3 Bxe5 21. Qe1
Bxh2+ 22. Kh1 Bg3 23. Qc3 Kc6 24. Bxe4 fxe4 25. b4 c4 26. Nf5 exf5 27. Rxf5 Rad8
28. Qd4 Qd6 29. Rf6 Rhf8 30. Rxd6+ Rxd6 31. Qc5+ Kd7 32. Qa7+ Ke6 33. Qxh7 Rf6
34. Qh3+ Ke7 35. Qxg3 d4 36. Qe5+ Rfe6 37. Qg7+ Kd8 38. Rxd4 Rxd4 39. Qxd4+ Ke7
40. Qxc4 e3 41. Qe2 Kf6 42. g3 Kf5 43. Kg2 Ke4 44. Qd3+ Ke5 45. Qxe3+ 1-0

[Event "1"]
[Site "http://www.queenalice.com/game.php?id=1312466"]
[Date "2014.10.4"]
[Round "-"]
[White "coffejunkie"]
[Black "vangogh"]
[Result "1-0"]
[WhiteElo "1813"]
[BlackElo "1542"]

1. Nf3 h6 2. d4 d5 3. e3 Bg4 4. Be2 Bxf3 5. Bxf3 e6 6. O-O Nc6 7. Nc3 a6 8. e4
Nf6 9. exd5 exd5 10. Re1+ Be7 11. Bf4 O-O 12. a3 g5 13. Be5 Nh7 14. Bxd5 Na5 15.
Qh5 c6 16. Qxh6 Bf6 17. Be4 1-0

[Event "2"]
[Site "http://www.queenalice.com/game.php?id=1312467"]
[Date "2014.10.4"]
[Round "-"]
[White "vangogh"]
[Black "coffejunkie"]
[Result "0-1"]
[WhiteElo "1561"]
[BlackElo "1906"]

1. e4 e5 2. d4 exd4 3. Qxd4 Nc6 4. Qe3 Nf6 5. Bb5 d6 6. Bxc6+ bxc6 7. e5 Qe7 8.
f4 Nd5 9. Qe4 dxe5 10. fxe5 Be6 11. Nf3 Qb4+ 12. Qxb4 Nxb4 13. Kd1 O-O-O+ 14.
Bd2 Bc5 15. a3 Nd5 16. c4 Nb6 17. b3 Be3 18. Ke1 Bxd2+ 19. Nbxd2 Rd7 20. Rd1
Rhd8 21. h3 Bf5 22. Rc1 Rd3 23. Rd1 Bg6 24. c5 Nd5 25. Ke2 Nf4+ 26. Kf2 Rc3 27.
g3 Nd3+ 28. Ke2 Nxc5 29. b4 Nd3 30. Rb1 Rxa3 31. Nc4 Ra2+ 32. Kf1 Rf2+ 33. Kg1
Rxf3 34. Kg2 Be4 35. Nd2 Rf2+ 36. Kg1 Rxd2 37. Rh2 Rxh2 38. Kxh2 Nxe5 39. Re1
Nf3+ 0-1

[Event "2"]
[Site "http://www.queenalice.com/game.php?id=1312468"]
[Date "2014.10.4"]
[Round "-"]
[White "vangogh"]
[Black "coffejunkie"]
[Result "0-1"]
[WhiteElo "1552"]
[BlackElo "1835"]

1. e4 e5 2. Nf3 Nc6 3. a3 Nf6 4. Bb5 d6 5. h3 Bd7 6. Bxc6 Bxc6 7. d3 Be7 8. Bg5
O-O 9. O-O h6 10. Bxf6 Bxf6 11. Nc3 Re8 12. b4 a6 13. a4 d5 14. g4 dxe4 15. dxe4
Qe7 16. Rb1 Rad8 17. Qe2 Rd6 18. Rfd1 Red8 19. b5 axb5 20. axb5 Bd7 21. Nd5 Qf8
22. Nxc7 Bc8 23. h4 Rxd1+ 24. Rxd1 Rxd1+ 25. Qxd1 Qc5 26. Qd8+ Bxd8 0-1

[Event "8"]
[Site "http://www.queenalice.com/game.php?id=1313148"]
[Date "2014.10.7"]
[Round "-"]
[White "Elficolorean"]
[Black "coffejunkie"]
[Result "1-0"]
[WhiteElo "1894"]
[BlackElo "1822"]

1. d4 d5 2. c4 Nf6 3. cxd5 Qxd5 4. Nc3 Qd8 5. e4 e6 6. Bg5 Be7 7. e5 Nd5 8. Bxe7
Qxe7 9. Nxd5 exd5 10. Qa4+ Bd7 11. Qb3 Bc6 12. Bb5 Qd7 13. Bxc6 Qxc6 14. Nf3 O-O
15. O-O Nd7 16. Rac1 Qe6 17. Rxc7 Nb6 18. Qc2 Rac8 19. Ng5 Qg6 20. Qxg6 fxg6 21.
Rxb7 Rc4 22. Rxa7 Rxd4 23. Ne6 1-0

[Event "3"]
[Site "http://www.queenalice.com/game.php?id=1313387"]
[Date "2014.10.7"]
[Round "-"]
[White "coffejunkie"]
[Black "APSHOOTER"]
[Result "1/2-1/2"]
[WhiteElo "1790"]
[BlackElo "1718"]

1. e4 e5 2. Nf3 d6 3. Bc4 Bg4 4. O-O Nf6 5. Nc3 Nc6 6. Be2 h6 7. d3 a6 8. Nd5
Nxd5 9. exd5 Bxf3 10. Bxf3 Nd4 11. c3 Nxf3+ 12. Qxf3 Be7 13. Qg3 Bf6 14. c4 Qd7
15. Be3 Qf5 16. Rad1 e4 17. dxe4 Qxe4 18. Qf4 Qxf4 19. Bxf4 O-O-O 20. b3 g5 21.
Be3 Be5 22. Bd4 1/2-1/2

[Event "9"]
[Site "http://www.queenalice.com/game.php?id=1313413"]
[Date "2014.10.8"]
[Round "-"]
[White "coffejunkie"]
[Black "Elficolorean"]
[Result "1-0"]
[WhiteElo "1917"]
[BlackElo "1936"]

1. d4 d5 2. Nf3 Bf5 3. Bf4 e6 4. Nc3 c5 5. e3 cxd4 6. exd4 Nc6 7. Bd3 Nge7 8.
O-O Bxd3 9. Qxd3 Nf5 10. Rad1 Qa5 11. a3 Qd8 12. Ne5 Ncxd4 13. Nb5 Nc6 14. c4
Bd6 15. Nxd6+ Qxd6 16. Nxf7 Qxf4 17. Nxh8 Ne5 18. Qb3 O-O-O 19. cxd5 Rxh8 20.
dxe6 Nc6 21. Rd7 b6 22. Qd5 Nfe7 23. Qb5 Rd8 24. Qa6+ 1-0

[Event "5"]
[Site "http://www.queenalice.com/game.php?id=1313414"]
[Date "2014.10.8"]
[Round "-"]
[White "coffejunkie"]
[Black "Bira"]
[Result "1-0"]
[WhiteElo "1788"]
[BlackElo "1186"]

1. d4 Nf6 2. Nc3 d5 3. Nf3 e6 4. Bg5 Be7 5. e3 Ne4 6. Bxe7 Qxe7 7. Qd3 Nxc3 8.
bxc3 O-O 9. Ne5 Qf6 10. Be2 b6 11. O-O a5 12. f4 Ba6 13. Qd2 c5 14. Bxa6 Rxa6
15. Qe2 c4 16. Qf3 Qe7 17. f5 Qf6 18. e4 b5 19. Qg3 exf5 20. Rxf5 Qh6 21. Ng4
Qd2 22. Raf1 f6 23. exd5 Nd7 24. Qc7 h5 25. Rxh5 1-0

[Event "1"]
[Site "http://www.queenalice.com/game.php?id=1336145"]
[Date "2015.1.22"]
[Round "-"]
[White "coffejunkie"]
[Black "paloberto"]
[Result "0-1"]
[WhiteElo "1948"]
[BlackElo "2068"]

1. e4 c5 2. Nf3 Nc6 3. Nc3 e6 4. Be2 Nf6 5. d3 d5 6. e5 Nd7 7. Bf4 Qb6 8. Rb1 h6
9. O-O Be7 10. Qd2 Qc7 11. Nb5 Qb8 12. c4 d4 13. Nd6+ Bxd6 14. exd6 e5 15. Bg3
Qxd6 16. a3 a6 17. Nh4 Nf6 18. f4 e4 19. f5 Qe7 20. dxe4 Nxe4 21. Qd3 Nxg3 22.
hxg3 Qf6 23. Qe4+ Ne5 24. Nf3 Bxf5 25. Qxe5+ Qxe5 26. Nxe5 Bxb1 27. Rxf7 O-O-O
28. Bf3 g5 29. Rxb7 Rhe8 30. Nf7 d3 31. Nxd8 Rxd8 32. Ra7 Kb8 33. Rb7+ Kc8 34.
Ra7 Rd6 35. Kf2 Ba2 36. Bd1 Bxc4 37. Ke3 Bb5 38. Kd2 Bd7 39. Ra8+ Kb7 40. Rf8
Bc6 41. Rf2 Kb6 0-1

[Event "2"]
[Site "http://www.queenalice.com/game.php?id=1336146"]
[Date "2015.1.22"]
[Round "-"]
[White "paloberto"]
[Black "coffejunkie"]
[Result "0-1"]
[WhiteElo "2108"]
[BlackElo "1925"]

1. d4 d5 2. c4 Nf6 3. Nc3 e6 4. Bg5 Be7 5. Nf3 O-O 6. e3 Nbd7 7. Bd3 Ne8 8. Bxe7
Qxe7 9. cxd5 e5 10. e4 Nd6 11. dxe5 Nxe5 12. Nxe5 Qxe5 13. O-O f5 14. Re1 fxe4
15. Bxe4 Nxe4 16. Rxe4 Qf6 17. Qe2 Bf5 18. Rf4 Qg6 19. Qe3 Rae8 20. Qf3 Re5 21.
Rd1 h6 22. h3 Kh7 23. Kf1 Qa6+ 24. Kg1 Rfe8 25. Rxf5 Re1+ 26. Rxe1 Rxe1+ 27. Kh2
Qb6 28. Rf8 Re5 29. Rf5 Re7 30. b3 a6 31. Qd3 g6 32. Rf4 Qd6 0-1